[Event "Sunnyvale 1000 GM GpA 05"]
[Site "Sunnyvale"]
[Date "2024.05.12"]
[Round "5.1"]
[White "Heimann, Mark A"]
[Black "Tang, Dylan"]
[Result "1-0"]
[WhiteElo "2441"]
[BlackElo "2286"]
[PlyCount "79"]
[EventDate "2024.05.11"]
[EventType "schev"]
[EventRounds "5"]
[EventCountry "USA"]
[SourceTitle "CB21_2024"]
[SourceDate "2024.05.22"]
[SourceVersion "1"]
[SourceVersionDate "2024.05.22"]
[SourceQuality "1"]

1. e4 e5 2. Nf3 Nc6 3. Bb5 a6 4. Ba4 Nf6 5. 0-0 b5 6. Bb3 Bc5 7. a4 Rb8 8. c3 d6 9. d4 Bb6 10. a5 Ba7 11. h3 Bb7 12. Be3 Nxe4 13. Re1 Ne7 14. Nbd2 Nxd2 15. Bxd2 0-0 16. dxe5 dxe5 17. Nxe5 Ng6 18. Be3 Nxe5 19. Qxd8 Rbxd8 20. Bxa7 Nd3 21. Re7 Bd5 22. Bxd5 Rxd5 23. Rxc7 Nxb2 24. Bb6 Ra8 25. Re1 Rd1 26. Rxd1 Nxd1 27. Kf1 Re8 28. Ra7 Nxc3 29. Rxa6 Na4 30. Bd4 Rd8 31. Ke2 h6 32. Ke3 b4 33. Ra7 b3 34. Rb7 Ra8 35. Rxb3 Rxa5 36. Ra3 Ra6 37. Kd3 Ra8 38. Rb3 Ra5 39. Kc4 Ra8 40. Kb5 1-0

[Event "Sunnyvale 1000 GM GpA 05"]
[Site "Sunnyvale"]
[Date "2024.05.11"]
[Round "2.4"]
[White "Stearman, Josiah P"]
[Black "Tang, Dylan"]
[Result "1-0"]
[WhiteElo "2467"]
[BlackElo "2286"]
[PlyCount "75"]
[EventDate "2024.05.11"]
[EventType "schev"]
[EventRounds "5"]
[EventCountry "USA"]
[SourceTitle "CB21_2024"]
[SourceDate "2024.05.22"]
[SourceVersion "1"]
[SourceVersionDate "2024.05.22"]
[SourceQuality "1"]

1. d4 d5 2. c4 e6 3. Nc3 Nf6 4. cxd5 exd5 5. Bg5 c6 6. Qc2 Be7 7. e3 Nbd7 8. Bd3 Nf8 9. 0-0-0 Ne6 10. h4 h6 11. Bxf6 Bxf6 12. h5 a5 13. f4 a4 14. Nf3 a3 15. b3 Nc7 16. Ne5 Qe7 17. e4 Bxe5 18. dxe5 d4 19. Na4 Bg4 20. Rdf1 0-0-0 21. Qc5 Qxc5+ 22. Nxc5 Bd7 23. Rh4 b6 24. Nxd7 Rxd7 25. f5 Re8 26. Rg4 Rxe5 27. Rxg7 Nb5 28. g4 f6 29. Rg6 Nc3 30. Rxf6 Nxa2+ 31. Kd2 Nb4 32. Rf8+ Kc7 33. f6 a2 34. f7 Kd6 35. Ra8 Rxf7 36. Rxf7 Ra5 37. Rxa5 bxa5 38. Rf1 1-0

[Event "San Jose 1000 GM Spring Break 1A"]
[Site "San Jose"]
[Date "2024.03.31"]
[Round "5.5"]
[White "Tang, Dylan"]
[Black "Jimenez Garcia, Emanuel"]
[Result "0-1"]
[WhiteElo "2217"]
[BlackElo "2421"]
[PlyCount "50"]
[EventDate "2024.03.29"]
[EventType "schev"]
[EventRounds "5"]
[EventCountry "USA"]
[SourceTitle "CB16_2024"]
[SourceDate "2024.04.17"]
[SourceVersion "1"]
[SourceVersionDate "2024.04.17"]
[SourceQuality "1"]

1. e4 c5 2. Nf3 d6 3. d4 cxd4 4. Nxd4 Nf6 5. f3 e5 6. Nb3 d5 7. Bg5 d4 8. c3 Nc6 9. cxd4 Bb4+ 10. Bd2 Nxe4 11. Bxb4 Qh4+ 12. g3 Nxg3 13. hxg3 Qxh1 14. Bc5 Bh3 15. N1d2 0-0-0 16. Qc2 Bxf1 17. 0-0-0 Qh6 18. Rxf1 b6 19. dxe5 bxc5 20. Qxc5 Kb7 21. f4 Nd4 22. Na5+ Ka8 23. Ndc4 Qe6 24. b4 Rd5 25. Qc7 Rxa5 0-1

[Event "San Jose 1000 GM Spring Break 1A"]
[Site "San Jose"]
[Date "2024.03.30"]
[Round "3.5"]
[White "Tang, Dylan"]
[Black "Arenas Vanegas, David"]
[Result "1/2-1/2"]
[WhiteElo "2217"]
[BlackElo "2366"]
[PlyCount "59"]
[EventDate "2024.03.29"]
[EventType "schev"]
[EventRounds "5"]
[EventCountry "USA"]
[SourceTitle "CB16_2024"]
[SourceDate "2024.04.17"]
[SourceVersion "1"]
[SourceVersionDate "2024.04.17"]
[SourceQuality "1"]

1. e4 c5 2. Nf3 d6 3. d4 Nf6 4. Nc3 cxd4 5. Nxd4 g6 6. Be3 Nc6 7. f3 h5 8. Qd2 Nxd4 9. Bxd4 Bh6 10. Bb5+ Bd7 11. Qe2 Bc6 12. Rd1 Bg7 13. e5 dxe5 14. Qxe5 0-0 15. Bxc6 bxc6 16. 0-0 Ne8 17. Qc5 Qb6 18. Ne4 Bxd4+ 19. Rxd4 Ng7 20. Rd7 Ne6 21. Qxb6 axb6 22. a3 Rfe8 23. Rfd1 Kf8 24. h4 Reb8 25. Kf2 Ra4 26. Ng5 Nc5 27. R7d4 Rxd4 28. Rxd4 f6 29. Ne4 Nxe4+ 30. Rxe4 1/2-1/2

[Event "Santa Clara 1000 GM Schev2 03"]
[Site "Santa Clara"]
[Date "2024.03.10"]
[Round "2.1"]
[White "Filgueiras, Nathan Felipe"]
[Black "Tang, Dylan"]
[Result "1/2-1/2"]
[WhiteElo "2316"]
[BlackElo "2152"]
[PlyCount "53"]
[EventDate "2024.03.06"]
[EventType "schev"]
[EventRounds "5"]
[EventCountry "USA"]
[SourceTitle "CB13_2024"]
[SourceDate "2024.03.27"]
[SourceVersion "1"]
[SourceVersionDate "2024.03.27"]
[SourceQuality "1"]

1. e4 e5 2. Nf3 Nc6 3. Bc4 Bc5 4. 0-0 Nf6 5. d3 d6 6. c3 0-0 7. Nbd2 a5 8. h3 h6 9. Re1 Be6 10. b3 Ba7 11. Nf1 Ne7 12. Ng3 Ng6 13. Qc2 Bd7 14. d4 Qc8 15. Be3 b5 16. Bd3 b4 17. Rec1 Bb6 18. Qd2 Qb8 19. c4 c6 20. c5 dxc5 21. dxc5 Bc7 22. Bc4 Kh7 23. Nh5 Nxh5 24. Qxd7 Nf6 25. Qxc6 a4 26. bxa4 Ra5 27. Bd5 1/2-1/2

[Event "Sunnyvale 1000 GM 07"]
[Site "Sunnyvale"]
[Date "2023.08.01"]
[Round "8"]
[White "Griffith, Kyron"]
[Black "Tang, Dylan"]
[Result "1-0"]
[WhiteElo "2352"]
[BlackElo "2093"]
[PlyCount "80"]
[EventDate "2023.07.28"]
[EventType "schev"]
[EventRounds "9"]
[EventCountry "USA"]
[SourceTitle "EXT 2024"]
[Source "ChessBase"]
[SourceDate "2023.10.10"]
[SourceVersion "1"]
[SourceVersionDate "2023.10.10"]
[SourceQuality "1"]

1. e4 e5 2. Nf3 Nc6 3. Bb5 a6 4. Ba4 Nf6 5. 0-0 b5 6. Bb3 Bc5 7. c3 d6 8. a4 Rb8 9. d4 Bb6 10. a5 Ba7 11. h3 Bb7 12. Be3 Nxe4 13. Nbd2 Nxd2 14. Qxd2 0-0 15. dxe5 dxe5 16. Qxd8 Rbxd8 17. Bxa7 Nxa7 18. Nxe5 Bd5 19. Bc2 Nc6 20. Nxc6 Bxc6 21. Rad1 g6 22. f3 Rfe8 23. Kf2 Kg7 24. h4 h6 25. f4 Kf6 26. g4 Bd7 27. g5+ Kg7 28. b4 Bf5 29. Rxd8 Rxd8 30. Rd1 Rh8 31. Bxf5 gxf5 32. Rd5 hxg5 33. hxg5 Rh2+ 34. Kg3 Re2 35. Rc5 Re7 36. Kf3 Rd7 37. Rc6 Kf8 38. Kf2 Rd6 39. Rxc7 Re6 40. Rc5 Ke8 1-0

[Event "Las Vegas 1000 GM op"]
[Site "Las Vegas"]
[Date "2023.06.12"]
[Round "8"]
[White "Yan, Nathan"]
[Black "Tang, Dylan"]
[Result "1-0"]
[WhiteElo "2192"]
[BlackElo "2129"]
[PlyCount "70"]
[EventDate "2023.06.08"]
[EventType "swiss"]
[EventRounds "9"]
[EventCountry "USA"]
[SourceTitle "CBM 214 Extra"]
[Source "ChessBase"]
[SourceDate "2023.07.31"]
[SourceVersion "1"]
[SourceVersionDate "2023.07.31"]
[SourceQuality "1"]

1. e4 e5 2. Nf3 Nc6 3. Bb5 a6 4. Ba4 Nf6 5. 0-0 b5 6. Bb3 Bc5 7. c3 d6 8. d4 Bb6 9. Be3 0-0 10. Nbd2 h6 11. h3 Re8 12. Qe2 Rb8 13. Rfd1 Bb7 14. d5 Ne7 15. Bxb6 cxb6 16. a4 bxa4 17. Bxa4 b5 18. Bc2 Nd7 19. c4 Rf8 20. b4 Qb6 21. cxb5 axb5 22. Ra5 f5 23. Bb3 Bc8 24. Rc1 Kh8 25. exf5 Nf6 26. Ne4 Nxe4 27. Qxe4 Bxf5 28. Qe2 Qb7 29. Nh4 Nxd5 30. Nxf5 Rxf5 31. Qe4 Nf4 32. Qxb7 Rxb7 33. Rc8+ Kh7 34. Bc2 Kg6 35. g4 Rb8 1-0

[Event "Las Vegas 1000 GM op"]
[Site "Las Vegas"]
[Date "2023.06.11"]
[Round "6"]
[White "Tang, Dylan"]
[Black "Rajaram, Rohan"]
[Result "1/2-1/2"]
[WhiteElo "2129"]
[BlackElo "2138"]
[PlyCount "59"]
[EventDate "2023.06.08"]
[EventType "swiss"]
[EventRounds "9"]
[EventCountry "USA"]
[SourceTitle "CBM 214 Extra"]
[Source "ChessBase"]
[SourceDate "2023.07.31"]
[SourceVersion "1"]
[SourceVersionDate "2023.07.31"]
[SourceQuality "1"]

1. e4 c5 2. Nf3 d6 3. d4 cxd4 4. Nxd4 Nf6 5. Nc3 a6 6. Be2 e5 7. Nb3 Be7 8. Be3 Be6 9. 0-0 0-0 10. Qd2 Nbd7 11. a4 Nb6 12. a5 Nc4 13. Bxc4 Bxc4 14. Rfd1 Rc8 15. Nc1 d5 16. Bb6 Qe8 17. exd5 Bb4 18. d6 Bxc3 19. Qxc3 Be2 20. Nxe2 Rxc3 21. Nxc3 Qe6 22. Na4 Nd7 23. Bc7 f5 24. Nb6 Nxb6 25. Bxb6 Rf7 26. Ra4 Qc8 27. Bc7 Rxc7 28. dxc7 Qxc7 29. c3 h6 30. Rb4 1/2-1/2